[Event "Bad Pyrmont Pape op-A 2nd"]
[Site "Bad Pyrmont"]
[Date "2023.08.13"]
[Round "6"]
[White "Van Beers, Julian"]
[Black "Evering, Soeren"]
[Result "1/2-1/2"]
[WhiteElo "1705"]
[BlackElo "2014"]
[PlyCount "42"]
[EventDate "2023.08.10"]
[EventType "swiss"]
[EventRounds "7"]
[EventCountry "GER"]
[SourceTitle "EXT 2024"]
[Source "ChessBase"]
[SourceDate "2023.10.10"]
[SourceVersion "1"]
[SourceVersionDate "2023.10.10"]
[SourceQuality "1"]

1. d4 Nf6 2. c4 e6 3. Nc3 Bb4 4. Qc2 0-0 5. Nf3 d5 6. cxd5 exd5 7. Bg5 h6 8. Bh4 Re8 9. e3 Nbd7 10. a3 Be7 11. Rd1 c6 12. Bd3 Ne4 13. Bxe7 Qxe7 14. 0-0 Ndf6 15. Ne5 Ng4 16. Nxe4 dxe4 17. Bxe4 Nxe5 18. dxe5 Qxe5 19. Bf3 Bf5 20. Qb3 Qc7 21. Rd2 Be6 1/2-1/2

[Event "Verden op-A"]
[Site "Verden"]
[Date "2023.01.07"]
[Round "6"]
[White "Poelig, Juergen"]
[Black "Van Beers, Julian"]
[Result "1/2-1/2"]
[WhiteElo "1816"]
[BlackElo "1687"]
[PlyCount "45"]
[EventDate "2023.01.05"]
[EventType "swiss"]
[EventRounds "7"]
[EventCountry "GER"]
[SourceTitle "CBM 212 Extra"]
[Source "ChessBase"]
[SourceDate "2023.03.31"]
[SourceVersion "1"]
[SourceVersionDate "2023.03.31"]
[SourceQuality "1"]

1. Nf3 Nf6 2. g3 d5 3. Bg2 g6 4. d3 Bg7 5. 0-0 0-0 6. Nbd2 Nbd7 7. e4 dxe4 8. dxe4 e5 9. Re1 c6 10. a4 a5 11. Qe2 Qc7 12. Nb3 Rd8 13. Bg5 h6 14. Bd2 Nf8 15. h3 Be6 16. Nc5 N6d7 17. Nxe6 Nxe6 18. Qc4 Nb6 19. Qb3 Nc5 20. Qe3 Nc4 21. Qxc5 Nxd2 22. Rad1 Nxf3+ 23. Bxf3 1/2-1/2

[Event "Verden op-A"]
[Site "Verden"]
[Date "2023.01.07"]
[Round "5"]
[White "Van Beers, Julian"]
[Black "Boerma, Daniel"]
[Result "0-1"]
[WhiteElo "1687"]
[BlackElo "1909"]
[PlyCount "106"]
[EventDate "2023.01.05"]
[EventType "swiss"]
[EventRounds "7"]
[EventCountry "GER"]
[SourceTitle "CBM 212 Extra"]
[Source "ChessBase"]
[SourceDate "2023.03.31"]
[SourceVersion "1"]
[SourceVersionDate "2023.03.31"]
[SourceQuality "1"]

1. d4 d5 2. c4 c6 3. cxd5 cxd5 4. Nf3 Nc6 5. Nc3 Nf6 6. Bf4 e6 7. e3 a6 8. Rc1 Be7 9. Bd3 Nh5 10. Be5 Nxe5 11. dxe5 g6 12. h4 Ng7 13. g4 h5 14. Qa4+ Bd7 15. Qf4 hxg4 16. Qxg4 Nf5 17. h5 Qb6 18. Rc2 Rc8 19. Ke2 Bb5 20. a3 Bxd3+ 21. Kxd3 Rc4 22. Nd4 gxh5 23. Qf4 Nxd4 24. exd4 h4 25. Rh3 Rh5 26. Qg4 Rf5 27. Nxd5 Qb3+ 28. Nc3 Bg5 29. Rf3 Rxd4+ 30. Kxd4 Rxf3 31. Qxf3 Qxc2 32. Qxb7 Qxf2+ 33. Kc4 Qf1+ 34. Kb3 Kf8 35. Qb4+ Kg7 36. Qg4 Qf4 37. Qg2 Qxe5 38. Ne4 Kh6 39. Kc2 Qf4 40. Kb3 f5 41. Nc3 Qe5 42. Ka2 Qe3 43. Qa8 Bf6 44. Qc6 h3 45. Nd5 Qe4 46. Qc1+ Bg5 47. Qc8 Qxd5+ 48. Ka1 Bf6 49. Qc1+ Kg6 50. Qc8 Qg2 51. Qe8+ Kh6 52. Qf8+ Bg7 53. Qf7 Qxb2# 0-1